| 000 | 01078nam a2200229Ia 4500 | ||
|---|---|---|---|
| 003 | OSt | ||
| 005 | 20210924135352.0 | ||
| 008 | 210310t2006 eu ad fr 000 0 spa d | ||
| 040 |
_aCO-JMCR _cCO-JMCR |
||
| 041 | 0 | _aspa | |
| 082 | 0 | 4 |
_a332.6720972 / _bB213d _223 |
| 110 | 2 |
_aBanco Mundial _95980 |
|
| 245 | 1 | 0 |
_aDoing business en México / _cBanco Mundial y la Corporación Financiera Internacional |
| 260 |
_aMéxico : _bBanco Mundial : Corporación Financiera Internacional, _c©2006 |
||
| 300 |
_a51 páginas : _bilustraciones y gráficas a color ; _c27 cm. |
||
| 500 | _aIncluye notas a pie de página. | ||
| 505 | 0 | _aPerspectiva general -- Apertura de una empresa -- Registro de la propiedad -- Obtención de crédito -- Cumplimiento de los contratos -- Notas de datos -- Indicadores de Doing Business -- Tablas de estados -- Estudios de casos-Apertura de una empresa -- Estudios de casos-Registro de propiedad | |
| 650 | 1 | 4 |
_aNegocios _916350 _zMéxico |
| 650 | 2 | 4 |
_aComercio _zMéxico _940801 |
| 710 | 1 |
_aCorporación Financiera Internacional _938969 |
|
| 942 |
_2ddc _cBK |
||
| 999 |
_c8106 _d8106 |
||